000 01461nam2a2200241 4500
001 rc\3450608
005 20250610113510.0
035 _a(NLR Aleph) 007880889
090 _a7917068
_c7917068
100 _a20130115d1975 |||y0rusy50 ca
101 0 _arus
102 _aRU
105 _aa i 000zy
200 0 _aЧ. 2
210 _d1975
_aБ. м.
215 _a161 с.
_cтабл.
_d28
316 _aЭкз. РНБ нумер.: № 144
_5NLR
461 0 _1001rc\3450606
_12001#$aОтчетный межотраслевой баланс производства и распределения продукции в народном хозяйстве Эстонской ССР за 1972 год$e[статистический сборник]$fЦентральное статистическое управление при Совете Министров Эстонской ССР$vЧ. 2
_97917059
_cТаллин
_d1974
_fЦентральное статистическое управление при Совете Министров Эстонской ССР
_n[б. и.]
_o[статистический сборник]
_tОтчетный межотраслевой баланс производства и распределения продукции в народном хозяйстве Эстонской ССР за 1972 год
_vЧ. 2
801 0 _aRU
_bNLR
_gpsbo
801 1 _aRU
_bELAR
_2rusmarc
942 _cBOOK
980 _aNB